MARC details
| 000 -CABECERA |
| campo de control de longitud fija |
03247cam a2200337 a 4500 |
| 001 - NÚMERO DE CONTROL |
| campo de control |
3936005 |
| 003 - IDENTIFICADOR DEL NÚMERO DE CONTROL |
| campo de control |
CaAEU |
| 005 - FECHA Y HORA DE LA ÚLTIMA TRANSACCIÓN |
| campo de control |
20260227114450.0 |
| 008 - DATOS DE LONGITUD FIJA--INFORMACIÓN GENERAL |
| campo de control de longitud fija |
940620s1994 mau b 000 0 eng |
| 010 ## - NÚMERO DE CONTROL DE LA BIBLIOTECA DEL CONGRESO |
| Número de control de LC |
94027722 |
| 015 ## - NÚMERO DE BIBLIOGRAFÍA NACIONAL |
| Número de bibliografía nacional |
GB95-4494 |
| 020 ## - NÚMERO INTERNACIONAL ESTÁNDAR DEL LIBRO |
| Número Internacional Estándar del Libro |
9780262631594 |
| 035 ## - NÚMERO DE CONTROL DEL SISTEMA |
| Número de control de sistema |
on1059566407 |
| 040 ## - FUENTE DE LA CATALOGACIÓN |
| Centro catalogador/agencia de origen |
DLC |
| Lengua de catalogación |
eng |
| Centro/agencia transcriptor |
DLC |
| Centro/agencia modificador |
UKM |
| -- |
NLC |
| -- |
NLGGC |
| -- |
BAKER |
| -- |
BTCTA |
| -- |
YDXCP |
| -- |
AEU |
| 041 ## - CÓDIGO DE LENGUA |
| Código de lengua del texto/banda sonora o título independiente |
English |
| 049 ## - FONDOS LOCALES (OCLC) |
| Fondos de biblioteca |
UABA |
| 050 00 - SIGNATURA TOPOGRÁFICA DE LA BIBLIOTECA DEL CONGRESO |
| Número de clasificación |
P90 |
| Número de documento/Ítem |
.M26 1994 |
| 100 ## - ENTRADA PRINCIPAL--NOMBRE DE PERSONA |
| Nombre de persona |
McLuhan, Marshall, |
| Fechas asociadas al nombre |
1911-1980. |
| 245 10 - MENCIÓN DE TÍTULO |
| Título |
Understanding media |
| Resto del título |
: the extensions of man |
| Mención de responsabilidad, etc. |
/ Marshall McLuhan ; introduction by Lewis H. Lapham. |
| 250 ## - MENCIÓN DE EDICIÓN |
| Mención de edición |
First MIT Press ed. |
| 260 ## - PUBLICACIÓN, DISTRIBUCIÓN, ETC. |
| Lugar de publicación, distribución, etc. |
Cambridge, Mass. : |
| Nombre del editor, distribuidor, etc. |
MIT Press, |
| Fecha de publicación, distribución, etc. |
1994. |
| 300 ## - DESCRIPCIÓN FÍSICA |
| Extensión |
xxiii, 365 p. ; |
| Dimensiones |
23 cm. |
| 504 ## - NOTA DE BIBLIOGRAFÍA, ETC. |
| Nota de bibliografía, etc. |
Includes bibliographical references (p. 361-365). |
| 505 ## - NOTA DE CONTENIDO CON FORMATO |
| Nota de contenido con formato |
Introduction — The Medium Is the Message — Media Hot and Cold — Reversal of the Overheated Medium — The Gadget Lover: Narcissus as Narcosis — Hybrid Energy: Les Liaisons Dangereuses — Media as Translators — Challenge and Collapse: The Nemesis of Creativity — The Spoken Word: Flower of Evil? — The Written Word: An Eye for an Ear — Clothing: Our Extended Skin — Housing: New Look and New Outlook — Money: The Poor Man’s Credit Card — Clocks: The Scent of Time — The Print: How to Dig It — Comics: MAD Vestibule to TV — The Printed Word: Architect of Nationalism — Wheel, Bicycle, and Airplane — The Photograph: The Brothel-without-Walls — Press: Government by News Leak — Motorcar: The Mechanical Bride — Radio: The Tribal Drum — Television: The Electric Baedeker — Weapons: War and Peace in the Global Village — Summary and Conclusions. |
| 520 ## - SUMARIO, ETC. |
| Sumario, etc. |
The groundbreaking, seminal work that redefined the way we think about communication—and the then-emerging phenomenon of mass media.<br/><br/>Marshall McLuhan’s classic work Understanding Media was called “a timeless analysis of how language, speech, and technology shape human behavior in the era of mass communication” by the Wall Street Journal when it was first published in 1964. The book famously anticipated the impact of electronic media and the internet on culture and society, and challenged our assumptions about how and what we communicate. It also coined the well-known phrases “the media is the message” and “the global village,” which described, respectively, the hierarchy of media and content and the shrinking of our world due to electronic media.<br/><br/>In the introduction of this edition, esteemed editor and writer Lewis Lapham reevaluated McLuhan’s work in the light of technological as well as political and social changes in the latter half of the twentieth century, showing why McLuhan’s theories enjoyed the critical influence that they did and how he became one of the prophetic voices of our time.<br/><br/>In an age of constant connectedness, it is all too easy to forget we did not always live our lives immersed in social media and push notifications. This book offers an invaluable glimpse at just how we got here. |
| 650 #0 - PUNTO DE ACCESO ADICIONAL DE MATERIA--TÉRMINO DE MATERIA |
| Término de materia o nombre geográfico como elemento de entrada |
Mass media |
| 9 (RLIN) |
5003 |
| 650 #0 - PUNTO DE ACCESO ADICIONAL DE MATERIA--TÉRMINO DE MATERIA |
| Término de materia o nombre geográfico como elemento de entrada |
Communication |
| 9 (RLIN) |
1216 |
| 650 #0 - PUNTO DE ACCESO ADICIONAL DE MATERIA--TÉRMINO DE MATERIA |
| Término de materia o nombre geográfico como elemento de entrada |
Communication and technology |
| 9 (RLIN) |
11051 |
| 700 #0 - ENTRADA AGREGADA--NOMBRE PERSONAL |
| Nombre de persona |
Lapham, Lewis. |
| 9 (RLIN) |
26740 |
| 942 ## - ELEMENTOS DE ENTRADA AGREGADA (KOHA) |
| Fuente del sistema de clasificación o colocación |
Clasificación de Library of Congress |